000 00406nam a2200181Ia 4500
001 3662
005 20260306145700.0
008 260306t1999||||xx |||||||||||||| ||spa||
041 _aESP
082 _a301
_bZ74 T. 2
100 _aZevallos Vera, Manuel
_eAUT
245 0 _aLas lecciones de Don Manuel
260 _c1999
300 _a
_c
650 _aGEN
654 _aCHU
942 _cLIB
_dJUS
_fJUS
_2ddc
_n
999 _c3662
_d3662